Statystyki dla Europa: 5 najludniejszych miast w państwach

Kliknij tutaj aby rozwiązać quiz!

Ogólne statystyki

  • Ten quiz został rozwiązany 22 razy
  • Średni wynik to 97 z 318

Statystyki odpowiedzi

PaństwoPozycjaLudnośćMiasta% Poprawnych
Belgia5185 103Bruksela
89%
Anglia (Wielka Brytania)18 825 001Londyn
89%
Wielka Brytania18 825 001Londyn
89%
Czechy11 324 277Praga
89%
Finlandia1623 135Helsinki
84%
Dania1602 481Kopenhaga
84%
Anglia (Wielka Brytania)5545 501Manchester
84%
Francja2863 310Marsylia
84%
Białoruś12 020 600Mińsk
84%
Francja12 187 526Paryż
84%
Estonia1430 805Tallinn
84%
Albania1418 495Tirana
84%
Austria11 691 468Wiedeń
84%
Chorwacja1792 875Zagrzeb
84%
Andora119 620Andora
79%
Grecja1664 046Ateny
79%
Czarnogóra513 503Bar
79%
Hiszpania21 605 602Barcelona
79%
Czechy2381 346Brno
79%
Kaszuby (Polska)1486 022Gdańsk
79%
Szkocja (Wielka Brytania)1593 060Glasgow
79%
Wielka Brytania4621 020Glasgow
79%
Mołdawia1671 800Kiszyniów
79%
Polska2803 282Kraków
79%
Luksemburg1103 641Luksemburg
79%
Francja3516 092Lyon
79%
Hiszpania13 284 110Madryt
79%
Grecja2315 196Saloniki
79%
Bośnia i Hercegowina1348 363Sarajewo
79%
Polska11 861 975Warszawa
79%
Niemcy13 669 491Berlin
74%
Anglia (Wielka Brytania)21 137 123Birmingham
74%
Wielka Brytania21 137 123Birmingham
74%
Irlandia1527 612Dublin
74%
Austria5112 467Innsbruck
74%
Portugalia1547 733Lizbona
74%
Polska4658 444Łódź
74%
Cypr1245 900Nikozja
74%
Czechy3287 968Ostrawa
74%
Górny Śląsk (Polska & Czechy)2279 791Ostrawa
74%
Łotwa1658 640Ryga
74%
Austria4150 269Salzburg
74%
Hiszpania4704 114Sewilla
74%
Bułgaria11 242 568Sofia
74%
Chorwacja2178 102Split
74%
Szwecja11 372 565Sztokholm
74%
Gruzja11 172 700Tbilisi
74%
Liechtenstein25 741Vaduz
74%
Polska3674 079Wrocław
74%
Niderlandy1872 779Amsterdam
68%
Belgia1529 247Antwerpia
68%
Kazachstan21 136 008Astana
68%
Serbia11 273 651Belgrad
68%
Szwajcaria5125 681Berno
68%
Austria2222 326Graz
68%
Niemcy21 847 253Hamburg
68%
Górny Śląsk (Polska & Czechy)1282 755Katowice
68%
Ukraina12 967 360Kijów
68%
Niemcy31 484 226Monachium
68%
Norwegia1925 242Oslo
68%
Portugalia2237 591Porto
68%
Polska5541 316Poznań
68%
Islandia1118 918Reykjavik
68%
Hiszpania3852 304Walencja
68%
Litwa1527 930Wilno
68%
Azerbejdżan11 184 000Baku
63%
Irlandia Północna (Wielka Brytania)1333 000Belfast
63%
Rumunia11 883 425Bukareszt
63%
Szkocja (Wielka Brytania)2506 520Edynburg
63%
Kaszuby (Polska)2243 770Gdynia
63%
Niemcy41 087 863Kolonia
63%
Włochy21 242 123Mediolan
63%
Rosja112 678 079Moskwa
63%
Rosja25 398 064Petersburg
63%
Włochy12 617 175Rzym
63%
San Marino34 214San Marino
63%
Turcja113 522 528Stambuł
63%
Górny Śląsk (Polska & Czechy)5156 935Zabrze
63%
Szwajcaria1376 990Zurych
63%
Turcja24 417 522Ankara
58%
Węgry11 750 216Budapeszt
58%
Ukraina21 443 207Charków
58%
Ukraina5908 456Donieck
58%
Górny Śląsk (Polska & Czechy)3172 628Gliwice
58%
Włochy3962 003Neapol
58%
Niderlandy2651 376Rotterdam
58%
Macedonia Północna1491 000Skopje
58%
Walia (Wielka Brytania)1324 800Cardiff
53%
Niemcy5763 380Frankfurt nad Menem
53%
Szwecja2549 839Goteborg
53%
Białoruś5356 900Grodno
53%
Niderlandy3545 163Haga
53%
Litwa2307 498Kowno
53%
Szwecja3280 415Malmo
53%
Francja5340 017Nicea
53%
Czarnogóra1150 977Podgorica
53%
Kosowo1145 149Prisztina
53%
Norwegia4167 598Trondheim
53%
Watykan1825Watykan
53%
Dania4113 417Aalborg
47%
Portugalia5121 000Braga
47%
Armenia11 092 800Erywań
47%
Belgia2263 927Gandawa
47%
Rosja51 257 391Kazań
47%
Anglia (Wielka Brytania)3784 846Leeds
47%
Wielka Brytania3784 846Leeds
47%
Austria3181 162Linz
47%
Czechy4174 842Pilzno
47%
Chorwacja3128 624Rijeka
47%
Naddniestrze (Mołdawia)1134 827Tyraspol
47%
Mołdawia3134 827Tyraspol
47%
Szwajcaria3164 516Bazylea
42%
Górny Śląsk (Polska & Czechy)4168 106Bielsko-Biała
42%
Niderlandy5234 456Eindhoven
42%
Szwajcaria2188 234Genewa
42%
Dania3176 683Odense
42%
Ukraina31 018 669Odessa
42%
Francja4479 553Tuluza
42%
Włochy4872 367Turyn
42%
Irlandia2119 418Cork
37%
Belgia4197 217Liege
37%
Bośnia i Hercegowina560 195Mostar
37%
Włochy5657 561Palermo
37%
Niderlandy4357 694Utrecht
37%
Bułgaria3336 216Warna
37%
Kaszuby (Polska)346 968Wejherowo
37%
Chorwacja575 082Zadar
37%
Szkocja (Wielka Brytania)3198 590Aberdeen
32%
Kazachstan11 916 782Ałmaty
32%
Bośnia i Hercegowina2135 059Banja Luka
32%
Ukraina4990 724Dniepr
32%
Szkocja (Wielka Brytania)4148 270Dundee
32%
Białoruś2510 300Homel
32%
Litwa3158 891Kłajpeda
32%
Czechy5104 802Liberec
32%
Finlandia5196 530Oulu
32%
Anglia (Wielka Brytania)4577 789Sheffield
32%
Wielka Brytania5577 789Sheffield
32%
Walia (Wielka Brytania)2228 100Swansea
32%
Białoruś3364 800Witebsk
32%
Dania2269 022Aarhus
26%
Gruzja3125 800Batumi
26%
Norwegia2238 098Bergen
26%
Bułgaria4201 779Burgas
26%
Węgry2201 112Debreczyn
26%
Cypr386 400Larnaka
26%
Serbia3215 400Nowy Sad
26%
Republika Krymska (Ukraina)1342 580Sewastopol
26%
Luksemburg419 292Dudelange
21%
Łotwa293 312Dyneburg
21%
Turcja32 803 418Izmir
21%
Kaszuby (Polska)534 977Lębork
21%
Cypr2184 600Limassol
21%
Szwajcaria4129 383Lozanna
21%
Estonia356 103Narwa
21%
Rosja31 625 631Nowosybirsk
21%
Hiszpania5620 419Saragossa
21%
Finlandia3223 149Tampere
21%
Estonia293 715Tartu
21%
Szwecja4140 454Uppsala
21%
Kaszuby (Polska)439 484Chojnice
16%
Albania2113 249Durrës
16%
Finlandia2266 123Espoo
16%
Irlandia375 529Galway
16%
Grecja5140 730Heraklion
16%
Rumunia5283 872Konstanca
16%
Białoruś4357 100Mohylew
16%
Chorwacja4108 048Osijek
16%
Estonia439 375Parnawa
16%
Bułgaria2347 851Płowdiw
16%
Litwa597 589Poniewież
16%
Liechtenstein16 039Schaan
16%
Litwa4106 847Szawle
16%
Turcja41 734 705Bursa
11%
Albania578 703Elbasan
11%
Republika Krymska (Ukraina)578 115Jałta
11%
Łotwa459 511Jełgawa
11%
Kazachstan5497 698Karaganda
11%
Islandia514 153Keflavik
11%
Rumunia2324 576Kluż-Napoka
11%
Gruzja2196 800Kutaisi
11%
Grecja4144 651Larisa
11%
Irlandia457 106Limerick
11%
Łotwa376 731Lipawa
11%
Cypr463 900Pafos
11%
Kosowo548 962Peć
11%
Karelia (Finlandia & Rosja)1266 011Pietrozawodsk
11%
Norwegia3201 353Stavanger
11%
Abchazja (Gruzja)162 914Suchumi
11%
Albania386 677Szkodra
11%
Rumunia3319 279Timisoara
11%
Albania479 513Wlora
11%
Turcja51 628 725Adana
5%
Kazachstan4500 798Aktobe
5%
Islandia417 693Akureyri
5%
Marmarosz (Ukraina & Rumunia)1137 921Baia Mare
5%
Irlandia Północna (Wielka Brytania)558 388Bangor
5%
Mołdawia2144 800Bielce
5%
Macedonia Północna273 100Bitola
5%
Belgia3202 746Charleroi
5%
Marmarosz (Ukraina & Rumunia)529 080Chust
5%
Luksemburg322 769Differdange
5%
Wyspa Man (Wielka Brytania)127 935Douglas
5%
Andora47 473Encamp
5%
Norwegia5105 545Fredrikstad
5%
Abchazja (Gruzja)47 605Gali
5%
Azerbejdżan2320 700Gandża
5%
Armenia2111 200Giumri
5%
Kosowo454 239Gnjilane
5%
Abchazja (Gruzja)38 514Gudauta
5%
Szkocja (Wielka Brytania)546 870Inverness
5%
Rumunia4290 422Jassy
5%
Łotwa550 840Jurmała
5%
Republika Krymska (Ukraina)3145 265Kercz
5%
Wyspy Owcze (Dania)24 685Klaksvik
5%
Gagauzja (Mołdawia)126 300Komrat
5%
Islandia231 719Kopavogur
5%
Wyspy Alandzkie (Finlandia)111 679Mariehamn
5%
Węgry4152 901Miszkolc
5%
Kosowo371 601Mitrowica
5%
Czarnogóra256 970Nikšić
5%
Serbia2250 000Nisz
5%
Grecja3167 446Patras
5%
Węgry5141 843Pecz
5%
Kosowo285 119Prizren
5%
Malta116 779Qormi
5%
Walia (Wielka Brytania)472 443Rhondda
5%
Bułgaria5141 231Ruse
5%
Marmarosz (Ukraina & Rumunia)3115 142Satu Mare
5%
San Marino110 571Serravalle
5%
Górski Karabach (Azerbejdżan)152 900Stepanakert
5%
Cypr558 525Strowolos
5%
Azerbejdżan3284 600Sumgait
5%
Republika Krymska (Ukraina)2337 285Symferopol
5%
Kazachstan31 036 144Szymkent
5%
Macedonia Północna555 000Tetowo
5%
Wyspy Owcze (Dania)112 782Thorshavn
5%
Liechtenstein35 120Triesen
5%
Marmarosz (Ukraina & Rumunia)2115 214Użhorod
5%
Gagauzja (Mołdawia)315 462Vulcanesti
5%
Armenia545 000Abowian
0%
Portugalia4175 136Amadora
0%
Wyspy Owcze (Dania)42 032Argir
0%
Liechtenstein44 587Balzers
0%
Naddniestrze (Mołdawia)292 383Bendery
0%
Mołdawia492 383Bendery
0%
San Marino26 609Borgo Maggiore
0%
Serbia5117 072Cacak
0%
Osetia Południowa (Gruzja)130 000Cchinwali
0%
Gagauzja (Mołdawia)219 401Ceadir-Lunga
0%
Czarnogóra413 918Cetynia
0%
Gagauzja (Mołdawia)56 298Chirsova
0%
Gagauzja (Mołdawia)412 327Congaz
0%
Irlandia Północna (Wielka Brytania)285 016Derry
0%
San Marino43 256Domagnano
0%
Naddniestrze (Mołdawia)425 224Dubosary
0%
Andora214 002Escaldes-Engordany
0%
Luksemburg231 898Esch-sur-Alzette
0%
Republika Krymska (Ukraina)4106 877Eupatoria
0%
Wyspy Alandzkie (Finlandia)32 593Finstrom
0%
San Marino52 548Fiorentino
0%
Dania5105 037Frederiksberg
0%
Wyspy Owcze (Dania)51 485Fuglafjordur
0%
Górski Karabach (Azerbejdżan)53 400Gadrut
0%
Abchazja (Gruzja)212 364Gagra
0%
Islandia326 800Hafnarfjordur
0%
Wyspy Owcze (Dania)33 850Hoyvik
0%
Rosja41 493 749Jekaterinburg
0%
Wyspy Alandzkie (Finlandia)25 233Jomala
0%
Estonia534 394Kohtla-Jarve
0%
Karelia (Finlandia & Rosja)234 381Kondopoga
0%
Karelia (Finlandia & Rosja)429 761Kostomuksza
0%
Serbia4147 473Kragujevac
0%
Macedonia Północna372 200Kurmanowo
0%
Osetia Południowa (Gruzja)22 000Kwaisa
0%
Andora55 037La Massana
0%
Wyspy Alandzkie (Finlandia)42 053Lemland
0%
Irlandia Północna (Wielka Brytania)371 465Lisburn
0%
Górski Karabach (Azerbejdżan)34 200Mardakert
0%
Górski Karabach (Azerbejdżan)25 600Martuni
0%
Liechtenstein54 404Mauren
0%
Azerbejdżan498 800Mingeczaur
0%
Marmarosz (Ukraina & Rumunia)482 346Mukaczewo
0%
Walia (Wielka Brytania)3140 200Newport
0%
Irlandia Północna (Wielka Brytania)462 056Newtownabbey
0%
Abchazja (Gruzja)55 280Oczamczyra
0%
Wyspa Man (Wielka Brytania)29 283Onchan
0%
Wyspa Man (Wielka Brytania)45 092Peel
0%
Luksemburg516 762Petange
0%
Czarnogóra319 136Pljevlja
0%
Wyspa Man (Wielka Brytania)53 515Port Erin
0%
Macedonia Północna465 900Prilep
0%
Wyspa Man (Wielka Brytania)37 809Ramsey
0%
Gruzja4122 500Rustawi
0%
Mołdawia548 457Rybnica
0%
Naddniestrze (Mołdawia)348 457Rybnica
0%
Wyspy Alandzkie (Finlandia)51 849Saltvik
0%
Andora37 652Sant Julià de Lòria
0%
Węgry3160 258Segedyn
0%
Karelia (Finlandia & Rosja)333 585Siegieża
0%
Malta58 721Siggiewi
0%
Naddniestrze (Mołdawia)516 062Slobozia
0%
Karelia (Finlandia & Rosja)520 484Sortawała
0%
Górski Karabach (Azerbejdżan)44 100Szuszi
0%
Bośnia i Hercegowina374 457Tuzla
0%
Finlandia4211 206Vantaa
0%
Szwecja5110 877Vasteras
0%
Portugalia3186 600Vila Nova de Gaia
0%
Armenia446 400Wagharszapat
0%
Armenia376 200Wanadzor
0%
Irlandia546 732Wateford
0%
Walia (Wielka Brytania)542 576Wrexham
0%
Azerbejdżan593 600Xirdalan
0%
Malta214 546Żabbar
0%
Malta312 200Żebbug
0%
Malta411 019Żejtun
0%
Bośnia i Hercegowina470 553Zenica
0%
Gruzja575 700Zugdidi
0%

Rozkład punktacji

Percentyl według liczby udzielonych odpowiedzi

Procent ludzi z każdym wynikiem

Twoja historia wyników

Nie rozwiązałeś tego quizu